| 000 | 01036nam a2200337Ia 4500 | ||
|---|---|---|---|
| 003 | OSt | ||
| 005 | 20220912144543.0 | ||
| 006 | a|||||r|||| 00| 0 | ||
| 007 | ta | ||
| 008 | 220909b |||||||| |||| 00| 0 eng d | ||
| 020 | _a9788189131562 (hbk) | ||
| 020 | _aSL01562008 | ||
| 024 | _a191038 | ||
| 037 | _b1056, 21/07/2014, Research India Press | ||
| 037 | _cTextual | ||
| 040 |
_aCSL _beng _cCSL |
||
| 041 | _aeng | ||
| 082 | _aY592.2, Q3 | ||
| 100 | _aMohapatra Bijoy Chandra; Mohapatra Sudhansu Ranjan | ||
| 245 | 0 | _aReservation policy in india | |
| 260 |
_aNew Delhi _b Research India Press _c2013 |
||
| 300 | _ax, 304p. | ||
| 650 | _a Legal policy | ||
| 650 | _a Policy conflict | ||
| 650 | _a Reservation policy | ||
| 650 | _a Social policy | ||
| 650 | _aAnthropology | ||
| 700 | _aMohapatra Bijoy Chandra; Mohapatra Sudhansu Ranjan | ||
| 942 |
_hY592.2, Q3 _cTEXL _2CC |
||
| 999 |
_c11866 _d11866 |
||